| 000 | 00689nam a22002057a 4500 | ||
|---|---|---|---|
| 005 | 20230602064753.0 | ||
| 008 | 230404b |||||||| |||| 00| 0 eng d | ||
| 020 | _a971-08-5508-5 | ||
| 082 | _aG.S./Fil 001.4 C146 2011 | ||
| 100 |
_aCalderon, Jose F. _eauthor |
||
| 245 |
_aMethods of research and thesis writing / _cJose F. Calderon; Expectacion C. Gonzales, coordinator |
||
| 260 |
_aMandaluyong City: _bNational Book Store, _cc2011 |
||
| 300 | _axiv, 263p. | ||
| 500 | _aOriginally published: National Book Store, 1993 | ||
| 504 | _aIncludes bibliographies and index | ||
| 541 | _e1475 | ||
| 650 | _aResearch | ||
| 650 | _aThesis | ||
| 700 |
_aGonzales, Expectacion C. _ecoordinator |
||
| 999 |
_c2098 _d2098 |
||